Statistiken für Bezirke des Kantons Solothurn

Klicken Sie hier um das Quiz zu spielen!

Allgemein

  • Dieses Quiz wurde 23 mal gespielt
  • Das Durchschnittsergebnis liegt bei 7 aus 10

Antwortstatistiken

Bezirk% Korrekt
Solothurn
85%
Olten
75%
Wasseramt
75%
Thal
65%
Bucheggberg
60%
Dorneck
60%
Gösgen
60%
Lebern
60%
Thierstein
60%
Gäu
55%

Verteilung der Resultate

Perzentil nach korrekt beantworteten Fragen

Anzahl Personen mit jedem Resultat

Ihre Resultats-Entwicklung

Sie haben dieses Quiz noch nicht gespielt